| 000 | 00778nam a22002417a 4500 | ||
|---|---|---|---|
| 008 | 150330b xxu||||| |||| 00| 0 eng d | ||
| 020 | _a9780071791137 (alk. paper) | ||
| 020 | _a0071791132 (alk. paper) | ||
| 041 | 0 | _aeng | |
| 080 | _a658.5 | ||
| 100 | 1 | _aLabovitz, George H. | |
| 245 | 1 | 0 |
_aRapid realignment : _cGeorge Labovitz and Victor Rosansky. |
| 260 |
_aNew York : _bMcGraw-Hill, _c2012. |
||
| 300 |
_a213 f.: _bme il.; _c24 cm. |
||
| 505 | _aIndex: f.207-213 | ||
| 650 | 0 | _aNdryshimet | |
| 650 | 0 | _aOrganizata | |
| 650 | 0 | _aPlanifikim Strategjik | |
| 650 | 0 | _aMotivimi i punëtorëve | |
| 650 | 0 | _aEfiçienca Industriale | |
| 700 | 1 | _aRosansky, Victor. | |
| 942 |
_2udc _cBK |
||
| 999 |
_c603 _d603 |
||